000 01372nam a2200349 c 4500
003 BLK
005 20180422104948.0
008 180408b bul|||||r ||||||| ||bul||
010 _aKNG00099915000
040 _aBLK
041 _aBUL
_cBUL
080 _aЕсета. Очерци. Скици. Вж и 82-95
_b82-4
_x
_z82-4
080 _aКритиката като литературен жанр. Вж и 82. 09
_b82-95
_x
_z82-95
080 _aВестници. Журналистика. Радио- и тележурналистика. Вж и 05; 070.48
_b07
_x
_z07
100 1 _aАбазов, Тодор Георгиев
_eпърви автор
_9369010
139 _aАбазов, Тодор Георгиев
_bА 12
245 1 0 _aПублицистика и критика
_cТодор Георгиев Абазов.
257 _aBGR
260 София
_bБълг. писател
_c1974
300 _a215 с.
_c18 см
380 _a82
650 4 _aПублицистика, българска
_9274835
650 4 _aКритика
_9159735
653 _aпублицистика
653 _aкритика
653 _aжурналистика
852 _aЦб І 13928
856 4 _qpdf
_u
856 4 _qpdf
_u
942 _cKNG
_n0
944 _aCR
_c24.02.2011
_lдобави в АБ / 23.02.2011
_kКети_Илиева
944 _aED
_c24.02.2011
_lдобави в АБ / 23.02.2011
_k
999 _c95064
_d95064